| 000 | 00542nam a2200217 a 4500 | ||
|---|---|---|---|
| 999 |
_c5035 _d5035 |
||
| 001 | 5035 | ||
| 003 | BD-JhCC | ||
| 005 | 20171207112937.0 | ||
| 008 | 171207s1951 uk ||||| |||| 00| 0 eng d | ||
| 035 | _a(BD-JhCC)5035 | ||
| 040 |
_aBD-JhCC _dBD-JhCC |
||
| 041 | _aeng | ||
| 082 |
_a428.2 _bHEW 1951 |
||
| 100 | _aHewson, T. H | ||
| 245 |
_aThe use of words book two for the middle school / _cT. H. Hewson |
||
| 260 |
_aLondon : _bMUR 1951 |
||
| 300 |
_a125 p. : _c18 cm. |
||
| 650 | _aEnglish Langue | ||
| 942 |
_2ddc _cBK |
||